| 000 | 00357nam a2200109Ia 4500 | ||
|---|---|---|---|
| 008 | 171204s9999 xx 000 0 und d | ||
| 245 | _aMicroeconomics: Principles And Applications: | ||
| 245 | _cMarc Lieberman and Robert E. Hall | ||
| 260 | _c2013 | ||
| 650 | _xMICROECONOMICS AND THEORY & PRACTICE | ||
| 856 | _uhttp://down.ebook777.com/016/MicPriAndApp.pdf | ||
| 999 |
_c345739 _d345739 |
||